000 00522nam a2200229Ia 4500
003 0100
008 130303s9999 xx 000 0 und d
020 _a0884891259
040 _cARRUPELIB
050 _aBL42.M67 1981
100 _aMoran, Gabriel
245 _aInterplay
245 _ba theory of religion and education
260 _aWinona
260 _bSaint Mary's Press
260 _C1981
300 _a172p.
300 _b 24cm.
650 _aRELIGION
650 _bDevotional Literature
942 0 0 _01
999 _c8805
_d8805